| 000 | 00539nam a2200217Ia 4500 | ||
|---|---|---|---|
| 003 | OSt | ||
| 005 | 20140311163112.0 | ||
| 008 | 140130s9999 xx 000 0 und d | ||
| 020 | _a0590130005 | ||
| 050 |
_aPZ 7 _b.B6654Fye 1998 |
||
| 100 |
_aBourgeois, Paulette _923066 |
||
| 245 |
_aFranklin's secret club / _cBourgeois, Paulette |
||
| 260 |
_bScholastic, _c1998. _aNew York : |
||
| 300 |
_bcol. ill. ; _c20 cm. |
||
| 440 |
_v1 _931161 |
||
| 521 | _aG3 | ||
| 526 | _c530 | ||
| 942 |
_cBK _2lcc |
||
| 999 |
_c40600 _d40600 |
||